|
|
|
|
| LEADER |
00000nas a22000007a 4500 |
| 005 |
20110913142924.0 |
| 008 |
110913c1979 sp dr| |sll||a00| b1spa d |
| 035 |
|
|
|a 352
|
| 040 |
|
|
|a vLex
|
| 090 |
|
|
|c 2439
|d 2439
|
| 110 |
1 |
|
|a Castilla y Len̤.
|b Junta
|
| 245 |
1 |
0 |
|a Boletn̕ Oficial de Castilla y Len̤
|h [Recurso electrn̤ico]
|
| 246 |
1 |
|
|a BOCYL
|
| 256 |
|
|
|a Servicio en ln̕ea.
|
| 260 |
|
|
|a Valladolid :
|b Junta de Castilla y Len̤, Consejera̕ de la Presidencia,
|c 1979 -
|
| 300 |
|
|
|a 1 recurso electrn̤ico
|
| 310 |
|
|
|a Diaria
|
| 362 |
|
|
|a Nm︢. 1 (1979) -
|
| 650 |
0 |
4 |
|a Derecho
|x Legislacin̤
|x Publicaciones perid̤icas
|z Espaą
|z Castilla y Len̤
|
| 740 |
0 |
|
|a vLex Revistas (Servicio en ln̕ea)
|
| 856 |
4 |
0 |
|u http://vlex.com/source/bocyl-352/section/1
|z Acceso restringido
|
| 942 |
|
|
|c REV
|